000 00614nam a2200193 i 4500
001 25307
003 ES-MaACL
005 20230906153232.0
007 t|
008 021223s1963 sp ||||1| spa d
100 1 _aArandes Adán, Ramón.
_922296
245 1 0 _aAfecciones de la vía biliar principal /
_cpor R. Arandes Adán... J. Ballester Peris... R.P. Alcade González.
250 _a[1ª ed.].
260 _aBarcelona :
_bJims,
_c[1963]
300 _a844 p. :
_bil. ;
_c26 cm.
700 1 _aBallester Peris, J.
_925022
700 1 _aAlcalde González, R. P.
_919486
852 _aES-MaACL
_jC-23595
_bR.52534
999 _c25307
_d25307